Rocky road trip / (Record no. 1003)

MARC details
000 -LEADER
fixed length control field 01386nam a22003017a 4500
005 - DATE AND TIME OF LATEST TRANSACTION
control field 20250213152616.0
020 ## - INTERNATIONAL STANDARD BOOK NUMBER
International Standard Book Number 0439560535 (pbk.)
020 ## - INTERNATIONAL STANDARD BOOK NUMBER
International Standard Book Number 9780439560535
040 ## - CATALOGING SOURCE
Original cataloging agency OCO
Transcribing agency OCO
Modifying agency DLC
Language of cataloging eng
050 00 - LIBRARY OF CONGRESS CALL NUMBER
Classification number QE432.S734
082 ## - DEWEY DECIMAL CLASSIFICATION NUMBER
Classification number 549
100 1# - MAIN ENTRY--PERSONAL NAME
Personal name Stamper, Judith Bauer.
245 10 - TITLE STATEMENT
Title Rocky road trip /
Statement of responsibility, etc. [written by Judith Bauer Stamper ; illustrations by Hope Gangloff]
250 ## - EDITION STATEMENT
Edition statement First printing, November 2003.
260 ## - PUBLICATION, DISTRIBUTION, ETC.
Place of publication, distribution, etc. New York :
Name of publisher, distributor, etc. Scholastic,
Date of publication, distribution, etc. 2003.
300 ## - PHYSICAL DESCRIPTION
Extent 89 pages :
Other physical details illustrations ;
Dimensions 20 cm.
490 1# - SERIES STATEMENT
Series statement Science chapter book ;
Volume/sequential designation Book 20
500 ## - GENERAL NOTE
General note Based on The Magic School Bus books written by Joanna Cole and illustrated by Bruce Degen.
505 ## - FORMATTED CONTENTS NOTE
Formatted contents note O <br/>
520 ## - SUMMARY, ETC.
Summary, etc. When Carlos brings a mystery rock to school, he hopes Ms. Frizzle will tell him what kind of rock it is. But the Friz doesn't like to tell when she can show....That's how the class ends up on a wild rock hunt in the Wild West, trying to solve a mineral mystery! They take a stagecoach ride, pan for precious gems, and even explore an old mine. Sure, the going gets a little rough at times--but this road trip rocks!
521 ## - TARGET AUDIENCE NOTE
Target audience note 600 <br/>
Source Lexile <br/>
521 ## - TARGET AUDIENCE NOTE
Target audience note O <br/>
Source Raz-Plus <br/>
650 ## - SUBJECT ADDED ENTRY--TOPICAL TERM
Topical term or geographic name entry element rocks
Form subdivision geology
General subdivision earth science
700 1# - ADDED ENTRY--PERSONAL NAME
Personal name Gangloff, Hope.
Titles and other words associated with a name illustrator.
906 ## - LOCAL DATA ELEMENT F, LDF (RLIN)
a 7
b cbc
c copycat
d 2
e ncip
f 20
g y-gencatlg
942 ## - ADDED ENTRY ELEMENTS (KOHA)
Source of classification or shelving scheme Dewey Decimal Classification
Koha item type Books
Suppress in OPAC No
999 ## -
-- 1003
-- 1003
Holdings
Withdrawn status Lost status Source of classification or shelving scheme Damaged status Not for loan Collection Home library Current library Shelving location Date acquired Total Checkouts Full call number Barcode Date last seen Date last checked out Copy number Price effective from Koha item type
    Dewey Decimal Classification     Non-Fiction Footprints International School Library Network Toul Kork Campus Footprints International School Library Network Toul Kork Campus TK Primary Library Room(4th Floor), Bookcase 3&4, Shelves 17-32, Yellow Books 07/18/2023 1 STA 551.55 C237 FISTK01887 12/08/2025 12/08/2025 1 07/18/2023 Books
    Dewey Decimal Classification     Non-Fiction Footprints International School Library Network Toul Kork Campus Footprints International School Library Network Toul Kork Campus TK Primary Library Room(4th Floor), Bookcase 3&4, Shelves 17-32, Yellow Books 07/18/2023   STA 551.55 C237 FISTK00472 11/14/2023   2 07/18/2023 Books
    Dewey Decimal Classification     Non-Fiction Footprints International School Library Network Toul Kork Campus Footprints International School Library Network Toul Kork Campus TTP Primary Yellow Bookshelves 02/13/2025   STA 551.55 C237 2025-0539 02/13/2025   3 02/13/2025 Books